The Kashmir conflict : (Record no. 105388)
[ view plain ]
| 000 -LEADER | |
|---|---|
| fixed length control field | 00708cam a22002298i 4500 |
| 001 - CONTROL NUMBER | |
| control field | 18995167 |
| 005 - DATE AND TIME OF LATEST TRANSACTION | |
| control field | 20180702100223.0 |
| 008 - FIXED-LENGTH DATA ELEMENTS--GENERAL INFORMATION | |
| fixed length control field | 160229s2016 nyu b 001 0 eng |
| 020 ## - INTERNATIONAL STANDARD BOOK NUMBER | |
| International Standard Book Number | 9781138654518 (hardback) |
| 040 ## - CATALOGING SOURCE | |
| Transcribing agency | PK-LaUMT |
| 082 00 - DEWEY DECIMAL CLASSIFICATION NUMBER | |
| Classification number | 954.04 |
| Edition number | 23 |
| Item number | ANK-K |
| 100 1# - MAIN ENTRY--PERSONAL NAME | |
| Personal name | Ankit, Rakesh |
| 245 14 - TITLE STATEMENT | |
| Title | The Kashmir conflict : |
| Remainder of title | from empire to the Cold War, 1945-66 / |
| Statement of responsibility, etc | Rakesh Ankit |
| 260 ## - PUBLICATION, DISTRIBUTION, ETC. (IMPRINT) | |
| Place of publication, distribution, etc | New York : |
| Name of publisher, distributor, etc | Routledge, |
| Date of publication, distribution, etc | 2016 |
| 300 ## - PHYSICAL DESCRIPTION | |
| Extent | 249 p. |
| 490 0# - SERIES STATEMENT | |
| Series statement | Routledge studies in South Asian history ; |
| Volume number/sequential designation | 16 |
| 650 #0 - SUBJECT ADDED ENTRY--TOPICAL TERM | |
| Topical term or geographic name as entry element | India-Pakistan Conflict, 1947-1949 |
| 650 #0 - SUBJECT ADDED ENTRY--TOPICAL TERM | |
| Topical term or geographic name as entry element | Geopolitics |
| Geographic subdivision | Kashmir |
| Chronological subdivision | 20th century. |
| 650 #0 - SUBJECT ADDED ENTRY--TOPICAL TERM | |
| Topical term or geographic name as entry element | World politics |
| Chronological subdivision | 20th century. |
| 650 #0 - SUBJECT ADDED ENTRY--TOPICAL TERM | |
| Topical term or geographic name as entry element | Cold War. |
| 942 ## - ADDED ENTRY ELEMENTS (KOHA) | |
| Koha item type | Books |
| Withdrawn status | Lost status | Damaged status | Home library | Current library | Date acquired | Full call number | Barcode | Date last seen | Price effective from | Koha item type |
|---|---|---|---|---|---|---|---|---|---|---|
| UMT Main Campus | UMT Main Campus | 2018-07-02 | 954.04 ANK-K | 122144 | 2020-01-03 | 2018-07-02 | Books |
